00645nam a2200193Ia 4500008004100000082001300041100002000054245002400074250000800098260003700106300000900143500002400152650001200176700003300188942000700221952009200228952011600320999001500436230524s9999 xx 000 0 und d a415bAND aSandra Anderson 0aChambers Dictionary a1ST aNEW DELHIbAllied Chambersc2005 a1984 aQuantity Number: 2 aEnglish a Lynda Carey et.al (Editors) cBK 00104070aTATCLbTATCLcGENd2023-05-24l0o415 ANDp8458r2023-05-24w2023-05-24yBK 00104070aTATCLbTATCLcGENd2023-05-24l1o415 ANDp8459q2014-08-29r2024-02-01s2024-02-01w2023-05-24yBK c4850d4850